| 000 | 00736nam a22002057a 4500 | ||
|---|---|---|---|
| 999 |
_c2671 _d2671 |
||
| 003 | AR-CdUCM | ||
| 008 | 190305b ||||| |||| 00| 0 spa d | ||
| 040 |
_aMUNICIPALIDAD PROVINCIAL DEL CUSCO _cBIBLIOTECA MUNICIPAL DEL CUSCO |
||
| 082 |
_a985.009 / _bM26L |
||
| 100 |
_aLuna Vegas, Ricardo _91563 |
||
| 245 | _aIntroducción a Mariategui / | ||
| 260 |
_aLima : _bCausachun, _c1975 |
||
| 300 |
_a91 páginas ; _c17 cm. |
||
| 505 | _aContenido: Niñez de José Carlos -- La "edad de piedra" de Mariátegui -- Regreso al Perú: comienzos de la "acción socialista" -- Su primer libro y revista "Amauta" ... | ||
| 650 |
_aAmauta _99384 |
||
| 650 |
_aPolítica _9291 |
||
| 650 |
_aBiografía _922 |
||
| 942 |
_2ddc _cLIBROS |
||
| 945 | _aafb | ||